| 000 | 00489nam a22001697a 4500 | ||
|---|---|---|---|
| 003 | NUST - PNEC | ||
| 005 | 20170116180933.0 | ||
| 008 | 150906b xxu||||| |||| 00| 0 eng d | ||
| 020 | _a0750617535 | ||
| 040 | _cLIBRARY | ||
| 082 | _a621.381548 BRI | ||
| 100 |
_98361 _aBergmans, Jan W. M. |
||
| 245 |
_aNewnes electronic testing and inspection pocket book _cKeith Brindley |
||
| 260 | _cc.1994 | ||
| 650 |
_98362 _aElectronic apparatus and appliances--Inspection _xEL |
||
| 942 |
_2ddc _cBK |
||
| 999 |
_c65957 _d65957 |
||